Primary School Subjects - Statistics

General Stats
  • This quiz has been taken 61 times
  • The average score is 5 of 21
Answer Stats
Answer % Correct
Math
100%
Science
76%
Physical education
75%
Spanish
55%
Art
51%
Music
36%
Drama
25%
Health
11%
Dance
9%
Language Arts
5%
Speech
4%
Handwriting
2%
Leadership
2%
Occupational Therapy
2%
Adaptive P.E.
0%
Gardening
0%
Handwork
0%
Instrumental Music
0%
Movement
0%
Resource Program
0%
Special eduacation
0%
No matching quizzes found
Score Distribution
Percent of People with Each Score
Percentile by Number Answered
Your Score History
You have not taken this quiz